[Event "HUN-chT U18"]
[Site "Budapest"]
[Date "2012.10.28"]
[Round "1.11"]
[White "Kiraly, Mate"]
[Black "Ujhazi, Mihaly"]
[Result "0-1"]
[WhiteElo "1778"]
[BlackElo "2098"]
[PlyCount "74"]
[EventDate "2012.10.28"]
[EventType "team-swiss"]
[EventRounds "8"]
[EventCountry "HUN"]
[SourceTitle "EXT 2020"]
[Source "ChessBase"]
[SourceDate "2019.10.17"]
[SourceVersion "1"]
[SourceVersionDate "2019.10.17"]
[SourceQuality "1"]

1. e4 e5 2. Nf3 Nc6 3. Nc3 Nf6 4. Bb5 Nd4 5. Ba4 Bc5 6. d3 c6 7. Nxd4 Bxd4 8. Ne2 Bc5 9. 0-0 0-0 10. Bg5 h6 11. Bh4 g5 12. Bg3 Re8 13. Kh1 Nh5 14. Bb3 Nf4 15. f3 d5 16. Bf2 d4 17. Nxf4 exf4 18. c3 Be6 19. Bxe6 fxe6 20. c4 a5 21. a4 Qb6 22. Qc2 Re7 23. g4 e5 24. Kg2 Rh7 25. Rh1 Kf7 26. h3 h5 27. Rac1 Rah8 28. Ra1 Rh6 29. Rab1 R8h7 30. Rbe1 Qd8 31. b3 Qh8 32. Qb1 hxg4 33. hxg4 Rh2+ 34. Rxh2 Rxh2+ 35. Kf1 Qh3+ 36. Ke2 Qg2 37. Rf1 Rh3 0-1

[Event "HUN-chT2 Maroczy 1011"]
[Site "Hungary"]
[Date "2010.11.21"]
[Round "6"]
[White "Ujhazi, Mihaly"]
[Black "Majzik, Levente"]
[Result "0-1"]
[WhiteElo "2137"]
[BlackElo "2287"]
[PlyCount "56"]
[EventDate "2010.09.12"]
[EventType "team-tourn"]
[EventRounds "11"]
[EventCountry "HUN"]
[SourceTitle "EXT 2012"]
[Source "ChessBase"]
[SourceDate "2011.11.24"]
[SourceVersion "1"]
[SourceVersionDate "2011.11.24"]
[SourceQuality "1"]
[WhiteTeam "Maroczy"]
[BlackTeam "Lila Futo"]
[WhiteTeamCountry "HUN"]
[BlackTeamCountry "HUN"]

1. e4 d5 2. exd5 Nf6 3. d4 Nxd5 4. c4 Nb6 5. Nc3 e5 6. d5 Bc5 7. Be3 Bxe3 8. fxe3 Qh4+ 9. g3 Qh6 10. Qd3 Na6 11. Bg2 0-0 12. Qe2 e4 13. 0-0-0 Nc5 14. Rd4 f5 15. Kb1 Nd3 16. g4 c5 17. dxc6 bxc6 18. gxf5 Bxf5 19. Bxe4 Nf2 20. Bxf5 Rxf5 21. e4 Rff8 22. c5 Nc8 23. Nf3 Nxh1 24. Qc4+ Kh8 25. Ne5 Qf6 26. Ng4 Qf1+ 27. Qxf1 Rxf1+ 28. Nd1 Ne7 0-1

[Event "HUN-chT2 Toth 1011"]
[Site "Hungary"]
[Date "2010.09.26"]
[Round "2.2"]
[White "Csonka, Balazs"]
[Black "Ujhazi, Mihaly"]
[Result "1-0"]
[WhiteElo "2263"]
[BlackElo "2137"]
[PlyCount "59"]
[EventDate "2010.09.12"]
[EventType "team-tourn"]
[EventRounds "11"]
[EventCountry "HUN"]
[SourceTitle "EXT 2012"]
[Source "ChessBase"]
[SourceDate "2011.11.24"]
[SourceVersion "1"]
[SourceVersionDate "2011.11.24"]
[SourceQuality "1"]
[WhiteTeam "Mako"]
[BlackTeam "Maroczy II"]
[WhiteTeamCountry "HUN"]
[BlackTeamCountry "HUN"]

1. e4 e5 2. Nf3 Nc6 3. Bb5 a6 4. Ba4 Nf6 5. 0-0 Be7 6. Bxc6 dxc6 7. Qe1 c5 8. d3 Qd6 9. Nbd2 Be6 10. Ng5 Nh5 11. Nxe6 Qxe6 12. Nf3 0-0-0 13. a3 Rhg8 14. Qc3 f6 15. b4 g5 16. Kh1 Nf4 17. Bxf4 gxf4 18. Rg1 cxb4 19. axb4 Qb6 20. b5 Qxb5 21. Rgb1 Qc5 22. Qb3 b6 23. d4 exd4 24. Rxa6 d3 25. cxd3 Qxf2 26. Ra2 Qc5 27. d4 Qd6 28. Qa4 Bf8 29. d5 Qc5 30. Qc6 1-0

[Event "HUN-chT2 Maroczy 1011"]
[Site "Hungary"]
[Date "2010.09.12"]
[Round "1"]
[White "Ujhazi, Mihaly"]
[Black "Somogyi, Istvan"]
[Result "0-1"]
[WhiteElo "2137"]
[BlackElo "2176"]
[PlyCount "100"]
[EventDate "2010.09.12"]
[EventType "team-tourn"]
[EventRounds "11"]
[EventCountry "HUN"]
[SourceTitle "EXT 2012"]
[Source "ChessBase"]
[SourceDate "2011.11.24"]
[SourceVersion "1"]
[SourceVersionDate "2011.11.24"]
[SourceQuality "1"]
[WhiteTeam "Maroczy"]
[BlackTeam "MLTC II"]
[WhiteTeamCountry "HUN"]
[BlackTeamCountry "HUN"]

1. e4 c5 2. Nc3 Nc6 3. g3 g6 4. Bg2 Bg7 5. d3 e6 6. f4 Nge7 7. e5 d6 8. exd6 Qxd6 9. Nf3 0-0 10. 0-0 b6 11. Ne4 Qc7 12. Ne5 Bb7 13. Nc4 Rad8 14. g4 Nd5 15. f5 exf5 16. gxf5 Bd4+ 17. Kh1 Ne5 18. Qe1 Nxc4 19. dxc4 Nf6 20. c3 Bxe4 21. Bxe4 Rfe8 22. cxd4 Rxe4 23. Qg3 Qxg3 24. hxg3 Rdxd4 25. fxg6 hxg6 26. b3 Nh5 27. Kg2 Rd3 28. Rf3 Re2+ 29. Rf2 Rxg3+ 30. Kf1 Rxf2+ 31. Kxf2 Rc3 32. Bd2 Rd3 33. Ke2 Rd7 34. Bc3 f6 35. Rg1 Kf7 36. Rg4 f5 37. Rh4 Ke6 38. Rh2 f4 39. Bb2 Kf5 40. Bc1 Ng3+ 41. Kf3 g5 42. Rh8 Rd3+ 43. Kg2 Rd1 44. Rf8+ Kg4 45. Bxf4 gxf4 46. Rg8+ Kf5 47. Rf8+ Ke4 48. Re8+ Kd3 49. Ra8 Ke3 50. Re8+ Ne4 0-1

[Event "Senta op-A 14th"]
[Site "Senta"]
[Date "2010.07.22"]
[Round "7"]
[White "Ujhazi, Mihaly"]
[Black "Gajic, Zoran"]
[Result "1-0"]
[WhiteElo "2137"]
[BlackElo "2109"]
[PlyCount "69"]
[EventDate "2010.07.17"]
[EventType "swiss"]
[EventRounds "9"]
[EventCountry "YUG"]
[SourceTitle "CBM 137 Extra"]
[Source "ChessBase"]
[SourceDate "2010.09.01"]
[SourceVersion "1"]
[SourceVersionDate "2010.09.01"]
[SourceQuality "1"]

1. e4 c5 2. Nc3 d6 3. g3 Nc6 4. Bg2 g6 5. d3 Bg7 6. Be3 Bd7 7. Nge2 Nf6 8. h3 a6 9. Qd2 Rb8 10. 0-0 h5 11. f4 Qc8 12. Kh2 Nd4 13. e5 Ng4+ 14. hxg4 hxg4+ 15. Kg1 Nf3+ 16. Bxf3 gxf3 17. Rxf3 Bc6 18. Rff1 Qg4 19. Kf2 Rh2+ 20. Ke1 Bf3 21. Bf2 Kd7 22. Qe3 Rbh8 23. Bg1 Bxe2 24. Nxe2 R2h5 25. Qe4 Kc7 26. d4 cxd4 27. Qxd4 dxe5 28. Qb6+ Kc8 29. Rd1 e4 30. Qb4 Qe6 31. f5 Rxf5 32. Rxf5 gxf5 33. Nf4 Qc6 34. Nd5 Qxc2 35. Nxe7+ 1-0

[Event "Senta op-A 14th"]
[Site "Senta"]
[Date "2010.07.19"]
[Round "4"]
[White "Ujhazi, Mihaly"]
[Black "Nestorovic, Lazar"]
[Result "0-1"]
[WhiteElo "2137"]
[BlackElo "2310"]
[PlyCount "116"]
[EventDate "2010.07.17"]
[EventType "swiss"]
[EventRounds "9"]
[EventCountry "YUG"]
[SourceTitle "CBM 137 Extra"]
[Source "ChessBase"]
[SourceDate "2010.09.01"]
[SourceVersion "1"]
[SourceVersionDate "2010.09.01"]
[SourceQuality "1"]

1. e4 c5 2. Nc3 a6 3. g3 b5 4. Bg2 Bb7 5. d3 e6 6. Nh3 h5 7. 0-0 Nc6 8. f4 Qc7 9. f5 Nf6 10. Bf4 Ne5 11. a4 b4 12. Ne2 exf5 13. Bxe5 Qxe5 14. Rxf5 Qc7 15. Qf1 d6 16. Ng5 Be7 17. c3 bxc3 18. bxc3 0-0 19. Rb1 Rab8 20. d4 cxd4 21. cxd4 Bc8 22. Rxb8 Qxb8 23. Rf4 Qb3 24. Kh1 Ng4 25. Rf3 Ne3 26. Qg1 Bxg5 27. Nf4 Qxa4 28. Qxe3 a5 29. Qa3 Qxd4 30. Qxa5 Qe5 31. Qxe5 dxe5 32. Nd5 Bg4 33. Rf1 Rb8 34. h3 Be2 35. Re1 Rb2 36. Kg1 h4 37. g4 g6 38. Ra1 Kg7 39. Ra3 Rd2 40. Ra1 Bd3 41. Re1 Rb2 42. Rd1 Bb1 43. Rf1 Rxg2+ 44. Kxg2 Bxe4+ 45. Kf2 Bxd5 46. Ra1 Bf4 47. Ra5 Be4 48. Ra4 f5 49. Rb4 Kf6 50. Kf1 Kg5 51. Kf2 Bd3 52. gxf5 gxf5 53. Rb8 Bg3+ 54. Kg2 e4 55. Rd8 Kf4 56. Rd5 e3 57. Rxd3 e2 58. Rd1 e1Q 0-1

[Event "Senta op-A 14th"]
[Site "Senta"]
[Date "2010.07.17"]
[Round "1"]
[White "Balla, Tamas Kristof"]
[Black "Ujhazi, Mihaly"]
[Result "1-0"]
[WhiteElo "2373"]
[BlackElo "2137"]
[PlyCount "85"]
[EventDate "2010.07.17"]
[EventType "swiss"]
[EventRounds "9"]
[EventCountry "YUG"]
[SourceTitle "CBM 137 Extra"]
[Source "ChessBase"]
[SourceDate "2010.09.01"]
[SourceVersion "1"]
[SourceVersionDate "2010.09.01"]
[SourceQuality "1"]

1. d4 Nf6 2. c4 g6 3. f3 Bg7 4. e4 d6 5. Nc3 0-0 6. Be3 e5 7. Nge2 Nc6 8. d5 Ne7 9. Qd2 c6 10. dxc6 bxc6 11. Rd1 Be6 12. Qxd6 Qxd6 13. Rxd6 Bxc4 14. Nc1 Be6 15. Be2 Rfd8 16. Rxd8+ Rxd8 17. Bxa7 Bh6 18. Kf2 Nh5 19. Bc5 Nc8 20. Nd3 f6 21. Rd1 Rd7 22. Nb4 Nf4 23. Rxd7 Bxd7 24. Bc4+ Be6 25. Ba6 Bd7 26. Na4 Kf7 27. Be3 Bf8 28. Nc5 Ke8 29. Bb7 Nd6 30. Nxd7 Kxd7 31. Bxc6+ Kc7 32. Bd5 Nxe4+ 33. fxe4 Bxb4 34. Bc4 h6 35. Kf3 g5 36. g3 Nh5 37. a3 Ba5 38. Bc5 f5 39. exf5 Nf6 40. Be7 e4+ 41. Ke2 Nh7 42. Bg8 Kd7 43. f6 1-0

[Event "HUN-chT2 Toth 0910"]
[Site "Hungary"]
[Date "2009.11.08"]
[Round "1.1"]
[White "Ujhazi, Mihaly"]
[Black "Arbutina, Sinisa"]
[Result "1/2-1/2"]
[WhiteElo "2136"]
[BlackElo "2291"]
[PlyCount "151"]
[EventDate "2009.11.08"]
[EventType "team-tourn"]
[EventRounds "11"]
[EventCountry "HUN"]
[SourceTitle "EXT 2011"]
[Source "ChessBase"]
[SourceDate "2010.11.26"]
[SourceVersion "1"]
[SourceVersionDate "2010.11.26"]
[SourceQuality "1"]
[WhiteTeam "Maroczy II"]
[BlackTeam "Roszke"]
[WhiteTeamCountry "HUN"]
[BlackTeamCountry "HUN"]

1. e4 e5 2. Nf3 Nc6 3. Bb5 Bc5 4. c3 Nf6 5. 0-0 0-0 6. d4 Bb6 7. Re1 d6 8. h3 h6 9. Bxc6 bxc6 10. dxe5 dxe5 11. Qxd8 Rxd8 12. Nbd2 Nd7 13. Nc4 f6 14. Be3 Ba6 15. Nxb6 axb6 16. b3 Nf8 17. a4 Bd3 18. Nd2 Ne6 19. g3 Ng5 20. h4 Nf7 21. c4 b5 22. cxb5 cxb5 23. Rec1 bxa4 24. bxa4 Nd6 25. Rxc7 Nxe4 26. Nxe4 Bxe4 27. a5 Rxa5 28. Re1 Bf3 29. Rc3 Rad5 30. Kh2 Rd1 31. Rc1 Rxe1 32. Rxe1 Kf7 33. Kg1 Kg6 34. Rc1 Kf5 35. Kf1 g5 36. hxg5 fxg5 37. Kg1 h5 38. Ra1 Rb8 39. Kh2 Rb4 40. Rc1 Rb7 41. Rc3 Be4 42. Rc8 g4 43. Rf8+ Ke6 44. Rc8 Rd7 45. Rc1 Kf5 46. Ra1 Rh7 47. Ra6 Rd7 48. Ra1 Bb7 49. Rb1 Bf3 50. Bb6 Rb7 51. Rb4 Be4 52. Kg1 Rd7 53. Kf1 Bf3 54. Rb1 Rb7 55. Rb4 h4 56. gxh4 Rh7 57. Ke1 Rxh4 58. Kd2 Rh1 59. Rb3 Rd1+ 60. Kc3 Rd7 61. Rb5 Bd5 62. Rb4 Be4 63. Kc4 Kf4 64. Ra4 Rd1 65. Ra3 Bf5 66. Be3+ Ke4 67. Bg5 Be6+ 68. Kc5 Bd5 69. Rc3 Be6 70. Bh4 Rd5+ 71. Kc6 Bd7+ 72. Kc7 Bb5 73. Re3+ Kd4 74. Bf6 Bd3 75. Rxe5 Rxe5 76. Kd6 1/2-1/2

[Event "HUN-chT2 Maroczy 0809"]
[Site "Hungary"]
[Date "2009.02.08"]
[Round "7"]
[White "Maliar, Anatoliy"]
[Black "Ujhazi, Mihaly"]
[Result "0-1"]
[WhiteElo "2182"]
[BlackElo "2116"]
[PlyCount "102"]
[EventDate "2008.10.26"]
[EventType "team-tourn"]
[EventRounds "11"]
[EventCountry "HUN"]
[SourceTitle "EXT 2010"]
[Source "ChessBase"]
[SourceDate "2010.11.25"]
[SourceVersion "1"]
[SourceVersionDate "2010.11.25"]
[SourceQuality "1"]
[WhiteTeam "Munkacs"]
[BlackTeam "Maroczy"]
[WhiteTeamCountry "HUN"]
[BlackTeamCountry "HUN"]

1. c4 Nf6 2. g3 e5 3. Bg2 Bc5 4. e3 Nc6 5. Ne2 d5 6. cxd5 Nxd5 7. a3 0-0 8. Nbc3 Be6 9. 0-0 f5 10. d4 exd4 11. Na4 Be7 12. Nxd4 Nxd4 13. exd4 Bf7 14. Re1 Qd6 15. Nc5 b6 16. Nd3 Bf6 17. Nf4 Rad8 18. Nxd5 Bxd5 19. Bf4 Qc6 20. Rc1 Qb5 21. Bxc7 Rd7 22. Qe2 Qxe2 23. Rxe2 Bxg2 24. Kxg2 Rc8 25. Bf4 Rxc1 26. Bxc1 Bxd4 27. h4 Kf7 28. Bf4 Bf6 29. Rc2 Ke6 30. Be3 Be5 31. b4 Rd3 32. a4 Ra3 33. a5 bxa5 34. Rc6+ Kd5 35. Rc5+ Kd6 36. Rxa5 Rxa5 37. bxa5 a6 38. Bb6 Kc6 39. h5 Kb5 40. f4 Bc3 41. g4 g6 42. gxf5 gxf5 43. h6 Bxa5 44. Bxa5 Kxa5 45. Kg3 Kb5 46. Kh4 a5 47. Kg5 a4 48. Kxf5 a3 49. Kf6 a2 50. Kg7 a1Q+ 51. Kxh7 Qf6 0-1

[Event "HUN-chT2 Maroczy 0809"]
[Site "Hungary"]
[Date "2009.01.25"]
[Round "6"]
[White "Ujhazi, Mihaly"]
[Black "Toviskes, Antal"]
[Result "1-0"]
[WhiteElo "2116"]
[BlackElo "2067"]
[PlyCount "111"]
[EventDate "2008.10.26"]
[EventType "team-tourn"]
[EventRounds "11"]
[EventCountry "HUN"]
[SourceTitle "EXT 2010"]
[Source "ChessBase"]
[SourceDate "2010.11.25"]
[SourceVersion "1"]
[SourceVersionDate "2010.11.25"]
[SourceQuality "1"]
[WhiteTeam "Maroczy"]
[BlackTeam "Hajduboszormeny"]
[WhiteTeamCountry "HUN"]
[BlackTeamCountry "HUN"]

1. e4 c5 2. Nc3 d6 3. g3 Nc6 4. Bg2 g6 5. d3 Bg7 6. Nge2 e6 7. Be3 Nge7 8. Qd2 Nd4 9. Nd1 Nxe2 10. Qxe2 Rb8 11. 0-0 0-0 12. c3 Nc6 13. f4 Qe7 14. Qf2 Bd7 15. d4 b6 16. e5 cxd4 17. cxd4 Rbc8 18. Nc3 Na5 19. Ne4 d5 20. Nd6 Rc6 21. b3 Rb8 22. g4 Nb7 23. Nxb7 Rxb7 24. f5 Qe8 25. f6 Bf8 26. Qh4 Rc3 27. Rf3 Bb5 28. Rh3 h6 29. Bxh6 Rxh3 30. Qxh3 Bxh6 31. Qxh6 Qf8 32. Qxf8+ Kxf8 33. Rc1 Bd7 34. Bf1 a5 35. Rc3 Kg8 36. Kf2 b5 37. Rc5 Kh7 38. g5 Kg8 39. Be2 a4 40. b4 Kh7 41. Kg3 Kg8 42. h3 Kh7 43. Kg4 Kg8 44. h4 Kh8 45. h5 Kg8 46. Bd3 gxh5+ 47. Kxh5 Kf8 48. g6 fxg6+ 49. Bxg6 Ra7 50. Kg5 Rb7 51. Rc3 Kg8 52. Rh3 Bc6 53. f7+ Rxf7 54. Bxf7+ Kxf7 55. Rh7+ Ke8 56. Kf6 1-0

[Event "HUN-chT U18"]
[Site "Miskolc"]
[Date "2008.10.30"]
[Round "6.2"]
[White "Prohaszka, Peter"]
[Black "Ujhazi, Mihaly"]
[Result "1-0"]
[WhiteElo "2502"]
[BlackElo "2116"]
[PlyCount "133"]
[EventDate "2008.10.27"]
[EventType "team-swiss"]
[EventRounds "8"]
[EventCountry "HUN"]
[SourceTitle "EXT 2016"]
[Source "ChessBase"]
[SourceDate "2015.10.08"]
[SourceVersion "1"]
[SourceVersionDate "2015.10.08"]
[SourceQuality "1"]

1. d4 d5 2. Nf3 Nf6 3. c4 c6 4. Nc3 e6 5. g3 Bd6 6. Bg2 0-0 7. 0-0 Nbd7 8. Qc2 dxc4 9. Nd2 Nb6 10. Rd1 Nfd5 11. Nce4 e5 12. Nxd6 Qxd6 13. dxe5 Qxe5 14. Nxc4 Nxc4 15. Qxc4 Be6 16. Qe4 Qxe4 17. Bxe4 Rad8 18. Bd2 Rfe8 19. Bf3 Rd7 20. Be1 Red8 21. e3 Nb6 22. b3 f6 23. e4 Kf7 24. Rxd7+ Nxd7 25. Rd1 Ke8 26. Be2 Nc5 27. Rxd8+ Kxd8 28. f3 b6 29. Kf2 Nb7 30. Ke3 Kd7 31. Bc3 Nd8 32. Bd3 Ke7 33. h4 Nf7 34. Kf4 g6 35. Ke3 Ne5 36. Be2 c5 37. Kf4 Nf7 38. g4 h6 39. Kg3 Nd6 40. e5 fxe5 41. Bxe5 Nc8 42. Ba6 Kf7 43. Bb8 Kf6 44. Bxc8 Bxc8 45. Bxa7 c4 46. Bxb6 cxb3 47. axb3 Ba6 48. Bd4+ Kf7 49. Kf4 Be2 50. b4 Ke8 51. Ke4 Kf7 52. Be3 Kg7 53. Bd2 h5 54. Kf4 Kf6 55. Bc3+ Ke6 56. gxh5 gxh5 57. Ke4 Bb5 58. Bg7 Bc6+ 59. Ke3 Kf5 60. f4 Bh1 61. Bh6 Ke6 62. Kd4 Bf3 63. b5 Bg4 64. Kc5 Kd7 65. b6 Kc8 66. Bg7 Kb7 67. Bd4 1-0

[Event "HUN-chT U18"]
[Site "Miskolc"]
[Date "2008.10.28"]
[Round "3.5"]
[White "Ujhazi, Mihaly"]
[Black "Csatlos, Bela"]
[Result "1/2-1/2"]
[WhiteElo "2116"]
[BlackElo "2193"]
[PlyCount "103"]
[EventDate "2008.10.27"]
[EventType "team-swiss"]
[EventRounds "8"]
[EventCountry "HUN"]
[SourceTitle "EXT 2016"]
[Source "ChessBase"]
[SourceDate "2015.10.08"]
[SourceVersion "1"]
[SourceVersionDate "2015.10.08"]
[SourceQuality "1"]

1. e4 e5 2. Nf3 Nf6 3. Nxe5 d6 4. Nf3 Nxe4 5. Nc3 Nxc3 6. dxc3 Be7 7. Be3 Bg4 8. Bc4 0-0 9. h3 Be6 10. Bxe6 fxe6 11. Nd4 Qd7 12. Qg4 Rf6 13. 0-0-0 e5 14. Nf3 Qxg4 15. hxg4 Rg6 16. g5 Nc6 17. Rh3 e4 18. Nh4 Re6 19. Nf5 Rf8 20. Ng3 Re5 21. Rdh1 Bxg5 22. Bxg5 Rxg5 23. Rxh7 d5 24. Rh8+ Kf7 25. Rxf8+ Kxf8 26. c4 e3 27. cxd5 Nb4 28. Rf1 Kg8 29. c4 Nd3+ 30. Kc2 Rxg3 31. Kxd3 exf2+ 32. Ke2 Rxg2 33. Rxf2 Rxf2+ 34. Kxf2 a5 35. Kf3 Kf7 36. Kf4 Ke7 37. Ke5 b6 38. b3 g5 39. Kf5 Kd6 40. Kxg5 b5 41. cxb5 Kxd5 42. Kf5 Kc5 43. Ke4 Kb4 44. Kd5 Kxb5 45. a3 c5 46. a4+ Kb4 47. Kd6 c4 48. bxc4 Kxc4 49. Ke5 Kb3 50. Kd4 Kxa4 51. Kc4 Ka3 52. Kc3 1/2-1/2

[Event "HUN-chT U18"]
[Site "Miskolc"]
[Date "2008.10.28"]
[Round "2.10"]
[White "Virag, Csilla"]
[Black "Ujhazi, Mihaly"]
[Result "1/2-1/2"]
[WhiteElo "1947"]
[BlackElo "2116"]
[PlyCount "44"]
[EventDate "2008.10.27"]
[EventType "team-swiss"]
[EventRounds "8"]
[EventCountry "HUN"]
[SourceTitle "EXT 2016"]
[Source "ChessBase"]
[SourceDate "2015.10.08"]
[SourceVersion "1"]
[SourceVersionDate "2015.10.08"]
[SourceQuality "1"]

1. e4 e5 2. Nf3 Nc6 3. Bb5 a6 4. Ba4 Nf6 5. Qe2 b5 6. Bb3 Bc5 7. c3 0-0 8. d3 d6 9. Bg5 h6 10. Bh4 Be6 11. Bd5 Bxd5 12. exd5 g5 13. dxc6 gxh4 14. Nxh4 e4 15. d4 Bb6 16. Nf5 Kh7 17. h3 Qe8 18. Qe3 Kg6 19. Nh4+ Kh7 20. Nf5 Kg6 21. Nh4+ Kh7 22. Nf5 Kg6 1/2-1/2

[Event "HUN-chT2 Toth 0708"]
[Site "Hungary"]
[Date "2008.03.16"]
[Round "8"]
[White "Csuri, Mate"]
[Black "Ujhazi, Mihaly"]
[Result "1-0"]
[WhiteElo "2046"]
[BlackElo "2040"]
[PlyCount "115"]
[EventDate "2007.10.14"]
[EventType "team"]
[EventRounds "11"]
[EventCountry "HUN"]
[SourceTitle "EXT 2009"]
[Source "ChessBase"]
[SourceDate "2008.11.26"]
[SourceVersion "1"]
[SourceVersionDate "2008.11.26"]
[SourceQuality "1"]
[WhiteTeam "Vasarhelyi"]
[BlackTeam "Maroczy II"]
[WhiteTeamCountry "HUN"]
[BlackTeamCountry "HUN"]

1. e4 c5 2. c4 Nc6 3. Nc3 g6 4. g3 Bg7 5. Bg2 d6 6. Nge2 e6 7. 0-0 Nge7 8. d3 0-0 9. Be3 Nd4 10. Qd2 Nec6 11. Bh6 Ne5 12. Nxd4 Bxh6 13. Qxh6 cxd4 14. Nb5 Qb6 15. Qd2 Bd7 16. Na3 a5 17. h3 f5 18. f4 Nc6 19. Rf2 e5 20. Kh2 Ne7 21. Qc2 Rac8 22. Qb3 Qxb3 23. axb3 Bc6 24. fxe5 dxe5 25. exf5 Bxg2 26. Kxg2 Nxf5 27. Nb5 b6 28. Re1 Ne3+ 29. Kg1 Rxf2 30. Kxf2 Rf8+ 31. Ke2 Rf6 32. Rh1 h5 33. h4 Kg7 34. Nc7 Kf7 35. Rh2 Ke7 36. Rf2 Rxf2+ 37. Kxf2 Kd7 38. Nb5 Kc6 39. Kf3 Kc5 40. Ke4 Ng4 41. Nc7 Kb4 42. Nd5+ Kxb3 43. Nxb6 Kxb2 44. c5 Nf2+ 45. Kxe5 Nxd3+ 46. Kxd4 Nb4 47. Nc4+ Kb3 48. Nxa5+ Ka4 49. Nc4 Kb5 50. Ne5 Na6 51. Nxg6 Nxc5 52. Nf4 Kc6 53. Nxh5 Kd6 54. Nf4 Nd7 55. Ke4 Ke7 56. Kf5 Kf7 57. g4 Nf8 58. g5 1-0